书目信息 |
| 题名: |
ERP原理·设计·实施
|
|
| 作者: | 罗鸿 编著 | |
| 分册: | ||
| 出版信息: | 北京 电子工业出版社 2005 |
|
| 页数: | 384页 | |
| 开本: | 24cm | |
| 丛书名: | 信息化经典书丛 | |
| 单 册: | ||
| 中图分类: | F270.7 | |
| 科图分类: | ||
| 主题词: | 计算机应用--基本知识--企业管理 , 计算机应用 , 企业管理 | |
| 电子资源: | ||
| ISBN: | 7-121-01059-3 | |
| 000 | 01037nam0 2200313 450 | |
| 001 | 64 | |
| 005 | 20160905084034.98 | |
| 010 | @a7-121-01059-3@dCNY38.00 | |
| 090 | @aF270@blh | |
| 096 | @aF270@blh | |
| 100 | @a20050322d2005 em y0chiy0120 ea | |
| 101 | 0 | @achi |
| 102 | @aCN@b110000 | |
| 105 | @ay z 000yy | |
| 200 | 1 | @aERP原理·设计·实施@b专著@f罗鸿编著@9erp yuan li she ji shi shi |
| 205 | @a3版 | |
| 210 | @a北京@c电子工业出版社@d2005 | |
| 215 | @a384页@d24cm | |
| 225 | 2 | @a信息化经典书丛 @9xin xi hua jing dian shu cong |
| 330 | @a本书对企业资源计划(Enterprise Resource Planning,简称ERP)为企业的信息化建设提供了全面集成的解决方案,对于ERP相关知识的讨论涵盖了原理、设计与应用的全部过程。 | |
| 461 | 0 | @1001002180878 |
| 510 | 1 | @aEnterprise Resource Planning@zeng |
| 606 | 0 | @a计算机应用@x基本知识@x企业管理 |
| 606 | 0 | @a计算机应用 |
| 606 | 0 | @a企业管理 |
| 690 | @aF270.7@v4 | |
| 701 | 0 | @a罗鸿@c(企业管理)@4编著@9luo hong |
| 801 | 0 | @aCN@b唐山师范学院图书馆@c20160721 |
| 905 | @aZUCC@dF270.7@e1251=3 | |
| ERP原理·设计·实施/罗鸿编著.-3版.-北京:电子工业出版社,2005 |
| 384页;24cm.-(信息化经典书丛 ) |
| ISBN 7-121-01059-3:CNY38.00 |
| 本书对企业资源计划(Enterprise Resource Planning,简称ERP)为企业的信息化建设提供了全面集成的解决方案,对于ERP相关知识的讨论涵盖了原理、设计与应用的全部过程。 |
| ● |
| 相关链接 |
|
|
|
|
正题名:ERP原理·设计·实施
索取号:F270.7/1251=3
 
预约/预借
| 序号 | 登录号 | 条形码 | 馆藏地/架位号 | 状态 | 备注 |
| 1 | 900263 | 209002639 | 第一样本阅览室/ [索取号:F270.7/1251=3] | 在馆 | |
| 2 | 900264 | 209002648 | 第一借阅区/ [索取号:F270.7/1251=3] | 在馆 | |
| 3 | 900265 | 209002657 | 第一借阅区/ [索取号:F270.7/1251=3] | 在馆 | |
| 4 | 900266 | 209002666 | 第一借阅区/ [索取号:F270.7/1251=3] | 在馆 |